Compilation of govt. acceptancece orders for Pensioners under sixth pay commission report incorporating: resolution, notification & ready reckoner (Record no. 503049)

000 -LEADER
fixed length control field 00543cam a22001457a 4500
008 - FIXED-LENGTH DATA ELEMENTS--GENERAL INFORMATION
fixed length control field 180718b2008 xxu||||| |||| 00| 0 eng d
082 ## - DEWEY DECIMAL CLASSIFICATION NUMBER
Classification number K85x54 P973
100 ## - MAIN ENTRY--PERSONAL NAME
Personal name Puri, V.K.
245 ## - TITLE STATEMENT
Title Compilation of govt. acceptancece orders for Pensioners under sixth pay commission report incorporating: resolution, notification & ready reckoner
Statement of responsibility, etc. By V.K. Puri
260 ## - PUBLICATION, DISTRIBUTION, ETC.
Place of publication, distribution, etc. New Delhi
Name of publisher, distributor, etc. JBA
Date of publication, distribution, etc. 2008
300 ## - PHYSICAL DESCRIPTION
Extent 84p.
650 ## - SUBJECT ADDED ENTRY--TOPICAL TERM
Topical term or geographic name entry element Pensions - India
650 ## - SUBJECT ADDED ENTRY--TOPICAL TERM
Topical term or geographic name entry element India -- Officials and employees -- Law and legislation
650 ## - SUBJECT ADDED ENTRY--TOPICAL TERM
Topical term or geographic name entry element Civil Service -- India
Holdings
Withdrawn status Lost status Damaged status Not for loan Permanent Location Current Location Date acquired Full call number Barcode Date last seen Price effective from Koha item type
        Indian Institute of Public Administration Indian Institute of Public Administration 2018-08-04 K85x54 P973 GR19405 2018-08-04 2018-08-04 GR

Powered by Koha